Measurement and correlates of pro-social bystander behavior: The case of interpersonal violence
| 1. VerfasserIn: | |
|---|---|
| Medienart: | Elektronisch Aufsatz |
| Sprache: | Englisch |
| Veröffentlicht: |
2008
|
| In: |
Violence and victims
Jahr: 2008, Band: 23, Heft: 1, Seiten: 85-99 |
| Online-Zugang: |
Volltext (lizenzpflichtig) Volltext (lizenzpflichtig) |
| Verfügbarkeit prüfen: | HBZ Gateway |
MARC
| LEADER | 00000caa a22000002c 4500 | ||
|---|---|---|---|
| 001 | 191261779X | ||
| 003 | DE-627 | ||
| 005 | 20250124055010.0 | ||
| 007 | cr uuu---uuuuu | ||
| 008 | 241217s2008 xx |||||o 00| ||eng c | ||
| 024 | 7 | |a 10.1891/0886-6708.23.1.83 |2 doi | |
| 035 | |a (DE-627)191261779X | ||
| 035 | |a (DE-599)KXP191261779X | ||
| 040 | |a DE-627 |b ger |c DE-627 |e rda | ||
| 041 | |a eng | ||
| 084 | |a 2,1 |2 ssgn | ||
| 100 | 1 | |a Banyard, V.L. |e VerfasserIn |4 aut | |
| 245 | 1 | 0 | |a Measurement and correlates of pro-social bystander behavior: The case of interpersonal violence |
| 264 | 1 | |c 2008 | |
| 336 | |a Text |b txt |2 rdacontent | ||
| 337 | |a Computermedien |b c |2 rdamedia | ||
| 338 | |a Online-Ressource |b cr |2 rdacarrier | ||
| 773 | 0 | 8 | |i Enthalten in |t Violence and victims |d New York, NY : Bernhard Springer Publ. Company, 1986 |g 23(2008), 1, Seite 85-99 |h Online-Ressource |w (DE-627)481905855 |w (DE-600)2180581-7 |w (DE-576)272350435 |x 1945-7073 |7 nnas |
| 773 | 1 | 8 | |g volume:23 |g year:2008 |g number:1 |g pages:85-99 |
| 787 | 0 | 8 | |i Forschungsdaten |a Banyard, Victoria L. |t Rape Prevention Through Bystander Education at a Northeastern State University, 2002-2004 |d [Erscheinungsort nicht ermittelbar] : [Verlag nicht ermittelbar], 2008 |w (DE-627)1840056363 |
| 856 | 4 | 0 | |u https://doi.org/10.1891/0886-6708.23.1.83 |x Resolving-System |z lizenzpflichtig |3 Volltext |7 1 |
| 856 | 4 | 0 | |u https://www.ncbi.nlm.nih.gov/pubmed/18396583 |x Verlag |z lizenzpflichtig |3 Volltext |7 1 |
| 935 | |a mkri | ||
| 951 | |a AR | ||
| ELC | |a 1 | ||
| LOK | |0 000 xxxxxcx a22 zn 4500 | ||
| LOK | |0 001 4637583314 | ||
| LOK | |0 003 DE-627 | ||
| LOK | |0 004 191261779X | ||
| LOK | |0 005 20241217044705 | ||
| LOK | |0 008 241217||||||||||||||||ger||||||| | ||
| LOK | |0 035 |a (DE-2619)ICPSR49162 | ||
| LOK | |0 040 |a DE-2619 |c DE-627 |d DE-2619 | ||
| LOK | |0 092 |o n | ||
| LOK | |0 852 |a DE-2619 | ||
| LOK | |0 852 1 |9 00 | ||
| LOK | |0 935 |a nacp | ||
| LOK | |0 939 |a 17-12-24 |b l01 | ||
| ORI | |a SA-MARC-krimdoka001.raw | ||
